| 000 | 01589cam a2200385 a 4500 | ||
|---|---|---|---|
| 001 | 15565910 | ||
| 005 | 20200421093825.0 | ||
| 008 | 081223r20082007enkb b 001 0 eng d | ||
| 010 | _a 2008482148 | ||
| 015 |
_aGBA806073 _2bnb |
||
| 016 | 7 |
_a014493002 _2Uk |
|
| 020 | _a9780199218783 (pbk.) | ||
| 035 | _a(OCoLC)ocn180755480 | ||
| 040 |
_aUKM _cUKM _dBTCTA _dBAKER _dYDXCP _dMBB _dDLC |
||
| 041 | 1 |
_aeng _hwel |
|
| 042 | _alccopycat | ||
| 043 | _ae-uk-wl | ||
| 050 | 0 | 0 |
_aPB2363.M2 _bD38 2008 |
| 082 | 0 | 0 |
_a891.6/631 _222 |
| 130 | 0 |
_aMabinogion. _lEnglish. _9508 |
|
| 245 | 1 | 4 |
_aThe Mabinogion / _ctranslated with an introduction and notes by Sioned Davies. |
| 260 |
_aOxford ; _aNew York : _bOxford University Press, _c2008. |
||
| 300 |
_axxxviii, 293 p. : _bmap ; _c20 cm. |
||
| 440 | 0 | _aOxford world's classics | |
| 504 | _aIncludes bibliographical references and indexes. | ||
| 505 | 0 | _aThe first branch of the Mabinogi -- The second branch of the Mabinogi -- The third branch of the Mabinogi -- The fourth branch of the Mabinogi -- Peredur son of Efrog -- The dream of the Emperor Maxen -- Lludd and Llefelys -- The lady of the well -- Geraint son of Erbin -- How Culhwch won Olwen -- Rhonabwy's dream. | |
| 546 | _aTranslated from the Welsh. | ||
| 650 | 0 |
_aWelsh literature _y1100-1400 _vTranslations into English. _9510 |
|
| 650 | 0 |
_aMythology, Celtic _zWales. _9511 |
|
| 650 | 0 |
_aTales _zWales. _9512 |
|
| 700 | 1 |
_aDavies, Sioned. _9504 |
|
| 906 |
_a7 _bcbc _ccopycat _d2 _encip _f20 _gy-gencatlg |
||
| 942 |
_2ddc _cBK |
||
| 999 |
_c264 _d264 |
||